|
|
|
|
| LEADER |
00899nam a22002892a 4500 |
| 001 |
001228786 |
| 003 |
CZ BrMZK |
| 005 |
20120704220338.0 |
| 007 |
ta |
| 008 |
120704s1987 xr er|||||||||||cze d |
| 015 |
|
|
|a cnb000031905
|
| 035 |
|
|
|a (OCoLC)17947809
|
| 040 |
|
|
|a ABA001
|b cze
|d ABA001
|
| 080 |
9 |
|
|a 885.0-31
|
| 100 |
1 |
|
|a Kraus, Pavel,
|d 1936-1995
|7 jk01063081
|4 aut
|
| 245 |
1 |
0 |
|a Objednaná smrt /
|c Pavel Kraus
|
| 250 |
|
|
|a 1. vyd.
|
| 260 |
|
|
|a Praha :
|b Melantrich,
|c 1987
|
| 300 |
|
|
|a 347 s. ;
|c 17 cm
|
| 490 |
1 |
|
|a Gong ;
|v 43
|
| 500 |
|
|
|a 30000 výt.
|
| 830 |
|
0 |
|a Gong (Melantrich)
|0 s
|
| 856 |
4 |
1 |
|u http://www.digitalniknihovna.cz/mzk/uuid/uuid:75b3ecc0-d326-11e2-8f90-005056827e51
|y Digitalizovaný dokument
|x NDK
|
| 910 |
|
|
|a BOA001
|b D-0919.493
|
| 990 |
|
|
|a BK
|
| 991 |
|
|
|b 201207
|
| 996 |
6 |
|
|b 2619535096
|c D-0919.493
|l MZK
|r Sklad / do 24 hodin
|n 0
|w 001262464
|u 000010
|a 1
|e BOA001
|j MZK50
|s P
|